|
|
|
|
| LEADER |
00000nam0a2200000 4500 |
| 001 |
322251 |
| 005 |
20231102003445.0 |
| 035 |
|
|
|a (RuTPU)RU\TPU\book\347807
|
| 090 |
|
|
|a 322251
|
| 100 |
|
|
|a 20160922d1963 m y0rusy50 ca
|
| 101 |
1 |
|
|a rus
|c hun
|
| 102 |
|
|
|a RU
|
| 105 |
|
|
|a a z 001ab
|
| 200 |
1 |
|
|a Флорентинский волшебник
|e роман
|e пер. с венг.
|f Э. Мурани-Ковач
|g пер. Э. Керекеш, И. Миронец
|
| 210 |
|
|
|a Москва
|c Иностранная литература
|d 1963
|
| 215 |
|
|
|a 203 с.
|c ил.
|
| 320 |
|
|
|a Вступительная статья: с. 5-10
|
| 600 |
|
0 |
|a Леонардо да Винчи
|c итальянский живописец
|c скульптор
|c инженер
|c физик
|c биолог
|c философ
|c психолог
|f 1452-1519
|2 stltpush
|3 (RuTPU)RU\TPU\pers\8521
|9 1651
|
| 606 |
1 |
|
|a Венгерская литература
|2 stltpush
|3 (RuTPU)RU\TPU\subj\2140
|9 30736
|
| 610 |
1 |
|
|a художественная литература
|
| 610 |
1 |
|
|a романы
|
| 610 |
1 |
|
|a Флоренция
|
| 610 |
1 |
|
|a эпоха Возрождения
|
| 610 |
1 |
|
|a 15 век
|
| 610 |
1 |
|
|a живопись
|
| 610 |
1 |
|
|a архитекторы
|
| 610 |
1 |
|
|a ученые
|
| 610 |
1 |
|
|a биографии
|
| 610 |
1 |
|
|a художественная литература
|
| 675 |
|
|
|a 894.511
|v 4
|
| 700 |
|
1 |
|a Мурани-Ковач
|b Э.
|g Эндре
|4 070
|
| 702 |
|
1 |
|a Керекеш
|b Э.
|4 730
|
| 702 |
|
1 |
|a Миронец
|b И.
|4 730
|
| 801 |
|
1 |
|a RU
|b 63413507
|c 20160922
|
| 801 |
|
2 |
|a RU
|b 63413507
|c 20210112
|g RCR
|
| 942 |
|
|
|c BK
|